ბათუმის შოთა რუსთაველის სახელმწიფო უნივერსიტეტის ბიბლიოთეკა

ბათუმის ისტორიიდან : (ბიბ.ჩანაწერი № 56379)

000 -ლიდერი
ფიქსირებული სიგრძის საკონტროლო ველი 01516nam a2200265Ia 4500
001 - საკონტროლო ნომერი
საკონტროლო ველი 23492
003 - საკონტროლო ნომრის იდენტიფიკატორი
საკონტროლო ველი GE_BSU
005 - ბოლო ოპერაციის თარიღი და დრო
საკონტროლო ველი 20260128203640.0
008 - ფიქსირებული სიგრძის მონაცემთა ელემენტები - ზოგადი ინფორმაცია
ფიქსირებული სიგრძის საკონტროლო ველი 181216s1958||||ge |||||||||||||| ||geo||
040 ## - კატალოგიზაციის წყარო
Transcribing agency GE_BSU
041 ## - ენის კოდი
Language code of text/sound track or separate title geo
080 ## - უნივერსალური ათობითი კლასიფიკაციის ინდექსი
Universal Decimal Classification number 94(479.223-25)"1878-1907 ს-59
100 ## - მთავარი ჩანაწერი - პიროვნების სახელი
Personal name სიჭინავა, ვლადიმერ
9 (RLIN) 26750
245 ## - ცნობა სათაურის შესახებ
Title ბათუმის ისტორიიდან :
Remainder of title რუსეთთან შეერთება და სოციალურ-ეკონომიკური განვითარება 1878-1907 წლებში /
Statement of responsibility, etc ვლადიმერ სიჭინავა ; რედ. მ. დუმბაძე.
264 ## - წარმოების, გამოცემის, დისტრიბუციის და სხვა ცნობები
გამოცემის, წარმოების, დისტრიბუციის... ადგილი ბათუმი :
გამოცემის, წარმოების, დისტრიბუციის... სახელწოდება სახელგამი,
გამოცემის, წარმოების, დისტრიბუციის... თარიღი 1958.
300 ## - ფიზიკური აღწერა
Extent 288გვ. :
Other physical details ილ. ;
Dimensions 23 სმ..
Accompanying material 3 ფურც. ცხრილ. და გეგმა.
500 ## - ზოგადი შენიშვნა
General note დანართი : "დოკუმენტები და ილუსტრ.", გვ. 273-286
653 ## - INDEX TERM--UNCONTROLLED
Uncontrolled term ბათუმის ისტორია
653 ## - INDEX TERM--UNCONTROLLED
Uncontrolled term ბათუმის ეკონომიკა
653 ## - INDEX TERM--UNCONTROLLED
Uncontrolled term ბათუმის ისტორიიდან
653 ## - INDEX TERM--UNCONTROLLED
Uncontrolled term რუსეთთან შეერთება და სოციალურ-ეკონომიკური განვითარება 1878-1907 წლებში.
700 ## - ADDED ENTRY--PERSONAL NAME
Personal name დუმბაძე, მ.
Relator term რედაქტორი
9 (RLIN) 26751
942 ## - ADDED ENTRY ELEMENTS (KOHA)
Koha item type წიგნი
Source of classification or shelving scheme
ეგზემპლარები
ჩამოწერის სტატუსი დაკარგული ეგზემპლარის სტატუსი კლასიფიკაციის წყარო ან თაროზე გაწყობის სქემა დაზიანების სტატუსი არ გაიცემა მუდმივი მდებარეობა (დაცვის ადგილი) ამჟამინდელი ადგილსამყოფელი თაროზე განთავსების ადგილი შეძენის თარიღი ღირებულება, შესყიდვის ნორმალური ფასი სრული შენახვის შიფრი შტრიხკოდი ბოლო ოპერაციის თარიღი ეგზემპლარის მიმდევრობითი ნომერი (კეტერი?) ფასის ძალაში შესვლის თარიღი ეგზემპლარის სახეობა საჯარო შენიშვნა
          ბათუმის შოთა რუსთაველის სახელმწიფო უნივერსიტეტის მთავარი ბიბლიოთეკა ბათუმის შოთა რუსთაველის სახელმწიფო უნივერსიტეტის მთავარი ბიბლიოთეკა წიგნსაცავი 2018-12-17 2.20 94(479.223-25) 28388 2018-12-17 38388 2018-12-17 წიგნი 2.20 ₾.